We Didn't Start the Fire Sudden Death - Statistics

General Stats
  • This quiz has been taken 142 times
  • The average score is 33 of 59
Answers on the Grid
Answers color-coded by a green-red scale on the quiz's grid according to % correct below.
AIDS
Alabama
All in the Family
Ayatollah
Bardot
Bay of Pigs
Begin
Ben Hur
Berlin
Bernie Goetz
Bill Gates
Birth Control
Brando
Campanella
Captain and Tennille
Charles de Gaulle
Cola Wars
Chubby Checker
Communist Bloc
Davy Crockett
Disneyland
Doris Day
Edsel
Einstein
Eisenhower
Elizabeth Taylor
Falklands War
Gloria Steinem
H-bomb
Harry Truman
Hemingway
Hula Hoops
James Dean
Joe DiMaggio
John Glenn
John Travolta
Joseph Stalin
Juan Peron
Kennedy
Kerouac
The King and I
Liberace
Little Rock
Malcolm X
Marilyn Monroe
Martin Luther King Jr.
MASH
Moonshot
My Fair Lady
Nelson Mandela
North Korea
Olivia Newton John
Palestine
Pasternak
Peter Pan
Peyton Place
Pope Paul
Psycho
Richard Nixon
Rock around the Clock
Rocky
Sally Ride
Space Monkey
Sputnik
Stonewall Riots
Studebaker
Sugar Ray
Thalidomide
Thatcher
U2
Trouble in the Suez
Walk Like an Egyptian
Vaccine
Watergate
Wheel of Fortune
 
Answer Stats
Answer % Correct
AIDS
78%
Bay of Pigs
76%
Berlin
72%
Ayatollah
71%
Communist Bloc
66%
Eisenhower
66%
Harry Truman
66%
Cola Wars
65%
Doris Day
65%
Kennedy
65%
Malcolm X
65%
Disneyland
64%
H-bomb
64%
Birth Control
63%
The King and I
63%
Alabama
62%
Marilyn Monroe
62%
James Dean
60%
Joe DiMaggio
60%
Richard Nixon
59%
Hemingway
58%
Little Rock
58%
Charles de Gaulle
57%
North Korea
57%
Einstein
56%
Joseph Stalin
56%
Peter Pan
55%
Trouble in the Suez
55%
Ben Hur
54%
Davy Crockett
53%
Hula Hoops
52%
Palestine
52%
Rock around the Clock
52%
Bardot
51%
Brando
51%
Chubby Checker
51%
Moonshot
51%
Pasternak
51%
Sally Ride
51%
Space Monkey
51%
Bernie Goetz
49%
Campanella
49%
Liberace
49%
Sputnik
49%
Watergate
49%
John Glenn
48%
Pope Paul
48%
Studebaker
48%
Thalidomide
47%
Vaccine
47%
Kerouac
46%
Psycho
46%
Juan Peron
44%
Sugar Ray
44%
Peyton Place
43%
Wheel of Fortune
43%
U2
42%
Edsel
41%
Begin
38%
No matching quizzes found
Score Distribution
Percent of People with Each Score
Percentile by Number Answered
Your Score History
You have not taken this quiz